000 00722nam a2200289Ia 4500
005 20260324141714.0
008 008 260324s9999 xx 000 0 eng d
020 _a9780203427941
037 _aEBOOK
040 _aCRL
040 _beng
040 _cCRL
041 _2eng
041 _aeng
084 _qCRL
100 _aPeter Newman; Andy Thornley
_91209197
245 0 _aUrban Planning in Europe
245 0 _bInternational Competition, National Systems and Planning Projects
260 _bTaylor and Francis
260 _c1996
365 _a
365 _b420
856 _uhttp://www.taylorfrancis.com/books/9780203427941
942 _cEBOOK
999 _c1812575
_d1812575